Sports Quiz

Random Sports or Cricket Quiz

Cricket Top Tens - West Indies Quiz Stats

 Plays Quiz not verified by Sporcle

Challenge
Share
Tweet
Embed
Score 0/116 Timer 10:00
1 Play Today
Hint Answer % Correct
Test runsBC Lara
98.6%
ODI runsBC Lara
98.6%
Test catchesBC Lara
98.6%
ODI catchesBC Lara
98.6%
Test runsCH Gayle
97.6%
ODI runsCH Gayle
97.6%
T20 runsCH Gayle
97.6%
ODI wicketsCH Gayle
97.6%
Test catchesCH Gayle
97.6%
ODI catchesCH Gayle
97.6%
T20 catchesCH Gayle
97.6%
Test runsS Chanderpaul
96.8%
Test runsIVA Richards
96.8%
ODI runsS Chanderpaul
96.8%
ODI runsIVA Richards
96.8%
Test catchesIVA Richards
96.8%
Test catchesS Chanderpaul
96.8%
ODI catchesIVA Richards
96.8%
ODI catchesS Chanderpaul
96.8%
Test wicketsCEL Ambrose
95.6%
ODI wicketsCEL Ambrose
95.6%
Test wicketsCA Walsh
95.5%
ODI wicketsCA Walsh
95.5%
Test wicketsMA Holding
91.1%
ODI wicketsMA Holding
91.1%
Test wicketsMD Marshall
90.4%
ODI wicketsMD Marshall
90.4%
Test runsGS Sobers
88.9%
Test wicketsGS Sobers
88.9%
Test catchesGS Sobers
88.9%
Test runsCG Greenidge
87.2%
ODI runsCG Greenidge
87.2%
Test catchesCG Greenidge
87.2%
T20 runsDJ Bravo
85.8%
ODI wicketsDJ Bravo
85.8%
T20 wicketsDJ Bravo
85.8%
ODI catchesDJ Bravo
85.8%
T20 catchesDJ Bravo
85.8%
Test runsCH Lloyd
85.6%
Hint Answer % Correct
Test catchesCH Lloyd
85.6%
Test runsDL Haynes
83.5%
ODI runsDL Haynes
83.5%
ODI catchesDL Haynes
83.5%
Test wicketsJ Garner
81.8%
ODI wicketsJ Garner
81.8%
Test runsRB Richardson
78.3%
ODI runsRB Richardson
78.3%
Test catchesRB Richardson
78.3%
ODI catchesRB Richardson
78.3%
ODI runsRR Sarwan
76.5%
ODI runsCL Hooper
74.5%
ODI wicketsCL Hooper
74.5%
Test catchesCL Hooper
74.5%
ODI catchesCL Hooper
74.5%
ODI runsMN Samuels
72.3%
T20 runsMN Samuels
72.3%
T20 catchesMN Samuels
72.3%
Test wicketsAME Roberts
70.7%
Test dismissalsPJL Dujon
70.1%
ODI dismissalsPJL Dujon
70.1%
T20 runsD Ramdin
68.3%
Test dismissalsD Ramdin
68.3%
ODI dismissalsD Ramdin
68.3%
T20 dismissalsD Ramdin
68.3%
Test wicketsFH Edwards
65%
Test wicketsLR Gibbs
63.1%
Test dismissalsRD Jacobs
62.6%
ODI dismissalsRD Jacobs
62.6%
T20 runsDJG Sammy
61.1%
T20 wicketsDJG Sammy
61.1%
Test catchesDJG Sammy
61.1%
ODI catchesDJG Sammy
61.1%
T20 catchesDJG Sammy
61.1%
T20 wicketsSP Narine
60.6%
T20 runsKA Pollard
59.9%
T20 wicketsKA Pollard
59.9%
T20 catchesKA Pollard
59.9%
Test dismissalsDL Murray
58%
Hint Answer % Correct
Test dismissalsJR Murray
58%
Test dismissalsDA Murray
58%
ODI dismissalsJR Murray
58%
ODI dismissalsDL Murray
58%
Test runsRB Kanhai
53.4%
Test wicketsWW Hall
51%
T20 runsDR Smith
48.6%
ODI wicketsJE Taylor
47.5%
T20 wicketsJE Taylor
47.5%
T20 runsLMP Simmons
43.8%
T20 dismissalsLMP Simmons
43.8%
T20 catchesLMP Simmons
43.8%
T20 catchesSJ Benn
42.4%
T20 wicketsCR Brathwaite
41.3%
ODI dismissalsJC Adams
39.5%
T20 wicketsAD Russell
38.9%
T20 catchesAD Russell
38.9%
Test dismissalsCO Browne
33%
ODI dismissalsCO Browne
33%
T20 wicketsR Rampaul
29.7%
ODI wicketsM Dillon
29.3%
T20 wicketsS Badree
28.6%
ODI catchesAL Logie
28.2%
T20 catchesCR Brathwaite
26.9%
Test dismissalsCS Baugh
26%
ODI dismissalsCS Baugh
26%
T20 wicketsKOK Williams
24%
ODI dismissalsD Williams
23.8%
T20 runsJ Charles
23.7%
T20 dismissalsJ Charles
23.7%
T20 runsADS Fletcher
20.8%
T20 dismissalsADS Fletcher
20.8%
T20 catchesADS Fletcher
20.8%
Test dismissalsFCM Alexander
13.1%
ODI dismissalsSD Hope
11.8%
Test dismissalsSO Dowrich
11.2%
T20 dismissalsCAK Walton
9.8%
T20 dismissalsDC Thomas
6.8%

You're not logged in!

Compare scores with friends on all Sporcle quizzes.
OR
Log In

You Might Also Like...

Show Comments

Extras

Top Quizzes Today


Score Distribution

Your Account Isn't Verified!

In order to create a playlist on Sporcle, you need to verify the email address you used during registration. Go to your Sporcle Settings to finish the process.

Report this User

Report this user for behavior that violates our Community Guidelines.

Details: